000 00523nam a2200193 a 4500
005 20210219152959.0
008 991125n 000 0 u
035 _aUPN01000070416
100 1 _aPrieto Castillo, Daniel
222 _aREVISTA EDUCACION DE ADULTOS
245 _aCultura popular, cultura acechada
300 _a24-29
362 0 _a1984 Vol. 2, no. 1, ene.-mar.
653 0 _aAMERICA LATINA
653 0 _aCULTURA POPULAR
653 0 _aEDUCACION DE ADULTOS
904 _aAC
_b008227
905 _aArticulo
999 _c65358
_d65358